Management of highway structures / (Record no. 940)

000 -LEADER
fixed length control field 00365 a2200121 4500
020 ## - INTERNATIONAL STANDARD BOOK NUMBER
International Standard Book Number 0727727753
082 ## - DEWEY DECIMAL CLASSIFICATION NUMBER
Classification number 624.22 DAS
100 ## - MAIN ENTRY--PERSONAL NAME
Personal name Das,Parag.C.
245 ## - TITLE STATEMENT
Title Management of highway structures /
Statement of responsibility, etc. edited by Parag C. Das.
260 ## - PUBLICATION, DISTRIBUTION, ETC.
Place of publication, distribution, etc. London :
Name of publisher, distributor, etc. Thomas Telford,
Date of publication, distribution, etc. 1999.
300 ## - PHYSICAL DESCRIPTION
Extent vi, 265 p. :
Other physical details ill. ;
Dimensions 24 cm.
650 ## - SUBJECT ADDED ENTRY--TOPICAL TERM
Topical term or geographic name entry element Bridges
General subdivision Maintenance and repair
650 ## - SUBJECT ADDED ENTRY--TOPICAL TERM
Topical term or geographic name entry element Bridges
General subdivision Reliability
Holdings
Withdrawn status Lost status Damaged status Not for loan Permanent Location Current Location Shelving location Date acquired Total Checkouts Full call number Barcode Date last seen Price effective from Koha item type
        School of Civil and Environmental Engineering (SCEE) School of Civil and Environmental Engineering (SCEE)       624.22 DAS NIT-6142 01/05/2017 01/05/2017 Book
© 2023 Central Library, National University of Sciences and Technology. All Rights Reserved.